Movies Quiz

Random Movies or Actor Quiz

Ape, Man, or Neither Quiz Stats

 Plays Quiz not verified by Sporcle

Challenge
Share
Tweet
Embed
Score 0/25 Timer 02:00
0 Plays Today
Question Answer Wrong Answers
Bing Crosby neither, not in these movies
58.1%
Ape
9.7%
Human
3.2%
Both
6.5%
Charlton Heston Human
54.8%
Ape
6.5%
Both
12.9%
neither, not in these movies
0%
Bradford Dillman Human
54.8%
Ape
9.7%
Both
9.7%
neither, not in these movies
3.2%
Roddy McDowall Ape
54.8%
Human
9.7%
Both
12.9%
neither, not in these movies
0%
Linda Harrison Human
51.6%
Ape
16.1%
Both
6.5%
neither, not in these movies
6.5%
Paul Williams Ape
51.6%
Human
16.1%
Both
3.2%
neither, not in these movies
9.7%
Maurice Evans Ape
48.4%
Human
16.1%
Both
6.5%
neither, not in these movies
9.7%
Kim Hunter Ape
48.4%
Human
29%
BOTH
3.2%
neither, not in these movies
0%
Ricardo Monteban Human
45.2%
Ape
16.1%
Both
6.5%
neither, not in these movies
9.7%
Claude Akins Ape
45.2%
Human
19.4%
Both
6.5%
neither, not in these movies
16.1%
James Franciscus Human
45.2%
Ape
22.6%
Both
0%
neither, not in these movies
12.9%
Warren Beatty neither, not in these movies
41.9%
Ape
16.1%
Human
16.1%
Both
6.5%
James Whitmore Ape
41.9%
Human
29%
Both
6.5%
neither, not in these movies
6.5%
John Huston Ape
38.7%
Human
12.9%
Both
3.2%
neither, not in these movies
19.4%
Sal Mineo Ape
38.7%
Human
12.9%
Both
3.2%
neither, not in these movies
12.9%
William Windom Human
38.7%
Ape
19.4%
Both
6.5%
neither, not in these movies
12.9%
Eric Braedon Human
38.7%
Ape
25.8%
Both
3.2%
neither, not in these movies
6.5%
Jeff Corey Human
38.7%
Ape
25.8%
Both
6.5%
neither, not in these movies
9.7%
Don Murray Human
38.7%
Ape
12.9%
Both
9.7%
neither, not in these movies
9.7%
James Gregory Ape
35.5%
Human
29%
Both
3.2%
neither, not in these movies
12.9%
James Daly Ape
29%
Human
35.5%
Both
0%
neither, not in these movies
16.1%
France Nuyen Human
29%
Ape
32.3%
Both
6.5%
neither, not in these movies
9.7%
Gregory Silva Human
29%
Ape
29%
Both
6.5%
neither, not in these movies
9.7%
John Landis Ape
22.6%
Human
35.5%
Both
6.5%
neither, not in these movies
19.4%
Natalie Trundy Both
22.6%
Ape
25.8%
Human
22.6%
neither, not in these movies
16.1%

You're not logged in!

Compare scores with friends on all Sporcle quizzes.
OR
Log In

You Might Also Like...

Show Comments

Extras

Created Oct 20, 2016ReportNominate
Tags:Actor Quiz, ape, man, neither, planet

Top Quizzes Today


Score Distribution

Your Account Isn't Verified!

In order to create a playlist on Sporcle, you need to verify the email address you used during registration. Go to your Sporcle Settings to finish the process.

Report this User

Report this user for behavior that violates our Community Guidelines.

Details: